000
00342nam a22001217a 4500
003
SGT
082
_a
080
_b
K06J
100
_a
जैन, इंदू
245
_a
कल्पवृक्ष: एक संकलन
260
_b
कोलमैन एंड कंपनी लिमिटेड
_c
2006
300
_a
160
942
_2
ddc
_c
BK
999
_c
31499
_d
31499